<?xml version="1.0" encoding="UTF-8"?>
<record
    xmlns:xsi="http://www.w3.org/2001/XMLSchema-instance"
    xsi:schemaLocation="http://www.loc.gov/MARC21/slim http://www.loc.gov/standards/marcxml/schema/MARC21slim.xsd"
    xmlns="http://www.loc.gov/MARC21/slim">

  <leader>01343cam a2200349 a 4500</leader>
  <datafield tag="952" ind1=" " ind2=" ">
    <subfield code="0">0</subfield>
    <subfield code="1">0</subfield>
    <subfield code="2">ddc</subfield>
    <subfield code="4">0</subfield>
    <subfield code="7">0</subfield>
    <subfield code="8">NFIC</subfield>
    <subfield code="a">ASL</subfield>
    <subfield code="b">ASL</subfield>
    <subfield code="c">ASBP</subfield>
    <subfield code="d">2017-02-23</subfield>
    <subfield code="e">ASB Publications</subfield>
    <subfield code="h">ASP-079</subfield>
    <subfield code="l">0</subfield>
    <subfield code="o">348.97 SES</subfield>
    <subfield code="p">100408</subfield>
    <subfield code="r">2017-02-23 00:00:00</subfield>
    <subfield code="t">C-1</subfield>
    <subfield code="w">2017-02-23</subfield>
    <subfield code="y">BK</subfield>
    <subfield code="z">RARE</subfield>
  </datafield>
  <datafield tag="952" ind1=" " ind2=" ">
    <subfield code="0">0</subfield>
    <subfield code="1">0</subfield>
    <subfield code="2">ddc</subfield>
    <subfield code="4">0</subfield>
    <subfield code="7">0</subfield>
    <subfield code="8">NFIC</subfield>
    <subfield code="a">ASL</subfield>
    <subfield code="b">ASL</subfield>
    <subfield code="c">GEN</subfield>
    <subfield code="d">2017-02-23</subfield>
    <subfield code="e">ASB Publications</subfield>
    <subfield code="h">ASP-079</subfield>
    <subfield code="l">0</subfield>
    <subfield code="o">348.97 SES</subfield>
    <subfield code="p">100409</subfield>
    <subfield code="r">2017-02-23 00:00:00</subfield>
    <subfield code="t">C-2</subfield>
    <subfield code="w">2017-02-23</subfield>
    <subfield code="y">BK</subfield>
    <subfield code="z">RARE</subfield>
  </datafield>
  <datafield tag="952" ind1=" " ind2=" ">
    <subfield code="0">0</subfield>
    <subfield code="1">0</subfield>
    <subfield code="2">ddc</subfield>
    <subfield code="4">0</subfield>
    <subfield code="7">0</subfield>
    <subfield code="8">NFIC</subfield>
    <subfield code="a">ASL</subfield>
    <subfield code="b">ASL</subfield>
    <subfield code="c">GEN</subfield>
    <subfield code="d">2017-02-23</subfield>
    <subfield code="e">ASB Publications</subfield>
    <subfield code="h">ASP-079</subfield>
    <subfield code="l">0</subfield>
    <subfield code="o">348.97 SES</subfield>
    <subfield code="p">100410</subfield>
    <subfield code="r">2017-02-23 00:00:00</subfield>
    <subfield code="t">C-3</subfield>
    <subfield code="w">2017-02-23</subfield>
    <subfield code="y">BK</subfield>
    <subfield code="z">RARE</subfield>
  </datafield>
  <datafield tag="952" ind1=" " ind2=" ">
    <subfield code="0">0</subfield>
    <subfield code="1">0</subfield>
    <subfield code="2">ddc</subfield>
    <subfield code="4">0</subfield>
    <subfield code="7">0</subfield>
    <subfield code="8">NFIC</subfield>
    <subfield code="a">ASL</subfield>
    <subfield code="b">ASL</subfield>
    <subfield code="c">GEN</subfield>
    <subfield code="d">2017-02-23</subfield>
    <subfield code="e">ASB Publications</subfield>
    <subfield code="h">ASP-079</subfield>
    <subfield code="l">0</subfield>
    <subfield code="o">348.97 SES</subfield>
    <subfield code="p">100411</subfield>
    <subfield code="r">2017-02-23 00:00:00</subfield>
    <subfield code="t">C-4</subfield>
    <subfield code="w">2017-02-23</subfield>
    <subfield code="y">BK</subfield>
    <subfield code="z">RARE</subfield>
  </datafield>
  <datafield tag="952" ind1=" " ind2=" ">
    <subfield code="0">0</subfield>
    <subfield code="1">0</subfield>
    <subfield code="2">ddc</subfield>
    <subfield code="4">0</subfield>
    <subfield code="7">0</subfield>
    <subfield code="8">NFIC</subfield>
    <subfield code="a">ASL</subfield>
    <subfield code="b">ASL</subfield>
    <subfield code="c">GEN</subfield>
    <subfield code="d">2017-02-23</subfield>
    <subfield code="e">ASB Publications</subfield>
    <subfield code="h">ASP-079</subfield>
    <subfield code="l">0</subfield>
    <subfield code="o">348.97 SES</subfield>
    <subfield code="p">100412</subfield>
    <subfield code="r">2017-02-23 00:00:00</subfield>
    <subfield code="t">C-5</subfield>
    <subfield code="w">2017-02-23</subfield>
    <subfield code="y">BK</subfield>
    <subfield code="z">RARE</subfield>
  </datafield>
  <datafield tag="952" ind1=" " ind2=" ">
    <subfield code="0">0</subfield>
    <subfield code="1">0</subfield>
    <subfield code="2">ddc</subfield>
    <subfield code="4">0</subfield>
    <subfield code="7">0</subfield>
    <subfield code="8">NFIC</subfield>
    <subfield code="a">ASL</subfield>
    <subfield code="b">ASL</subfield>
    <subfield code="c">GEN</subfield>
    <subfield code="d">2021-01-23</subfield>
    <subfield code="e">ASB Publications</subfield>
    <subfield code="h">ASP-079</subfield>
    <subfield code="l">0</subfield>
    <subfield code="o">348.97 SES</subfield>
    <subfield code="p">104645</subfield>
    <subfield code="r">2021-01-23 00:00:00</subfield>
    <subfield code="t">C-6</subfield>
    <subfield code="w">2021-01-23</subfield>
    <subfield code="y">BK</subfield>
    <subfield code="z">RARE</subfield>
  </datafield>
  <datafield tag="952" ind1=" " ind2=" ">
    <subfield code="0">0</subfield>
    <subfield code="1">0</subfield>
    <subfield code="2">ddc</subfield>
    <subfield code="4">0</subfield>
    <subfield code="7">0</subfield>
    <subfield code="8">NFIC</subfield>
    <subfield code="a">ASL</subfield>
    <subfield code="b">ASL</subfield>
    <subfield code="c">GEN</subfield>
    <subfield code="d">2021-01-23</subfield>
    <subfield code="e">ASB Publications</subfield>
    <subfield code="h">ASP-079</subfield>
    <subfield code="l">0</subfield>
    <subfield code="o">348.97 SES</subfield>
    <subfield code="p">104647</subfield>
    <subfield code="r">2021-01-23 00:00:00</subfield>
    <subfield code="t">C-7</subfield>
    <subfield code="w">2021-01-23</subfield>
    <subfield code="y">BK</subfield>
    <subfield code="z">RARE</subfield>
  </datafield>
  <datafield tag="952" ind1=" " ind2=" ">
    <subfield code="0">0</subfield>
    <subfield code="1">0</subfield>
    <subfield code="2">ddc</subfield>
    <subfield code="4">0</subfield>
    <subfield code="7">0</subfield>
    <subfield code="8">NFIC</subfield>
    <subfield code="a">ASL</subfield>
    <subfield code="b">ASL</subfield>
    <subfield code="c">GEN</subfield>
    <subfield code="d">2021-01-23</subfield>
    <subfield code="e">ASB Publications</subfield>
    <subfield code="h">ASP-079</subfield>
    <subfield code="l">0</subfield>
    <subfield code="o">348.97 SES</subfield>
    <subfield code="p">104648</subfield>
    <subfield code="r">2021-01-23 00:00:00</subfield>
    <subfield code="t">C-8</subfield>
    <subfield code="w">2021-01-23</subfield>
    <subfield code="y">BK</subfield>
    <subfield code="z">RARE</subfield>
  </datafield>
  <datafield tag="952" ind1=" " ind2=" ">
    <subfield code="0">0</subfield>
    <subfield code="1">0</subfield>
    <subfield code="2">ddc</subfield>
    <subfield code="4">0</subfield>
    <subfield code="7">0</subfield>
    <subfield code="8">NFIC</subfield>
    <subfield code="a">ASL</subfield>
    <subfield code="b">ASL</subfield>
    <subfield code="c">GEN</subfield>
    <subfield code="d">2021-01-23</subfield>
    <subfield code="e">ASB Publications</subfield>
    <subfield code="h">ASP-079</subfield>
    <subfield code="l">0</subfield>
    <subfield code="o">348.97 SES</subfield>
    <subfield code="p">104649</subfield>
    <subfield code="r">2021-01-23 00:00:00</subfield>
    <subfield code="t">C-9</subfield>
    <subfield code="w">2021-01-23</subfield>
    <subfield code="y">BK</subfield>
    <subfield code="z">RARE</subfield>
  </datafield>
  <datafield tag="952" ind1=" " ind2=" ">
    <subfield code="0">0</subfield>
    <subfield code="1">0</subfield>
    <subfield code="2">ddc</subfield>
    <subfield code="4">0</subfield>
    <subfield code="7">0</subfield>
    <subfield code="8">NFIC</subfield>
    <subfield code="a">ASL</subfield>
    <subfield code="b">ASL</subfield>
    <subfield code="c">GEN</subfield>
    <subfield code="d">2021-01-23</subfield>
    <subfield code="e">ASB Publications</subfield>
    <subfield code="h">ASP-079</subfield>
    <subfield code="l">0</subfield>
    <subfield code="o">348.97 SES</subfield>
    <subfield code="p">104650</subfield>
    <subfield code="r">2021-01-23 00:00:00</subfield>
    <subfield code="t">C-10</subfield>
    <subfield code="w">2021-01-23</subfield>
    <subfield code="y">BK</subfield>
    <subfield code="z">RARE</subfield>
  </datafield>
  <datafield tag="952" ind1=" " ind2=" ">
    <subfield code="0">0</subfield>
    <subfield code="1">0</subfield>
    <subfield code="2">ddc</subfield>
    <subfield code="4">0</subfield>
    <subfield code="7">0</subfield>
    <subfield code="8">NFIC</subfield>
    <subfield code="a">ASL</subfield>
    <subfield code="b">ASL</subfield>
    <subfield code="c">GEN</subfield>
    <subfield code="d">2021-01-23</subfield>
    <subfield code="e">ASB Publications</subfield>
    <subfield code="h">ASP-079</subfield>
    <subfield code="l">0</subfield>
    <subfield code="o">348.97 SES</subfield>
    <subfield code="p">104651</subfield>
    <subfield code="r">2021-01-23 00:00:00</subfield>
    <subfield code="t">C-11</subfield>
    <subfield code="w">2021-01-23</subfield>
    <subfield code="y">BK</subfield>
    <subfield code="z">RARE</subfield>
  </datafield>
  <datafield tag="999" ind1=" " ind2=" ">
    <subfield code="c">17572</subfield>
    <subfield code="d">17572</subfield>
  </datafield>
  <controlfield tag="001">12228174</controlfield>
  <controlfield tag="003">BDDh-ASL</controlfield>
  <controlfield tag="005">20240117062541.0</controlfield>
  <controlfield tag="008">170223s1999    bg |     b    001 0 eng  </controlfield>
  <datafield tag="010" ind1=" " ind2=" ">
    <subfield code="a">   99934878 </subfield>
    <subfield code="z">   99461708 </subfield>
  </datafield>
  <datafield tag="020" ind1=" " ind2=" ">
    <subfield code="a">9843104056</subfield>
  </datafield>
  <datafield tag="025" ind1=" " ind2=" ">
    <subfield code="a">B-E-99-934878; 04; 21</subfield>
  </datafield>
  <datafield tag="035" ind1=" " ind2=" ">
    <subfield code="a">(DLC)   99934878</subfield>
  </datafield>
  <datafield tag="037" ind1=" " ind2=" ">
    <subfield code="b">Library of Congress -- New Delhi Field Office</subfield>
    <subfield code="c">Tk500.00 ($25.00 U.S.)</subfield>
  </datafield>
  <datafield tag="040" ind1=" " ind2=" ">
    <subfield code="a">DLC</subfield>
    <subfield code="c">BDDh-ASL</subfield>
    <subfield code="d">BDDh-ASL</subfield>
  </datafield>
  <datafield tag="042" ind1=" " ind2=" ">
    <subfield code="a">lcode</subfield>
  </datafield>
  <datafield tag="043" ind1=" " ind2=" ">
    <subfield code="a">az-----</subfield>
  </datafield>
  <datafield tag="050" ind1="0" ind2="0">
    <subfield code="a">KNC156</subfield>
    <subfield code="b">.S47 1999</subfield>
  </datafield>
  <datafield tag="082" ind1="0" ind2="0">
    <subfield code="a">348.97</subfield>
    <subfield code="b">SES</subfield>
  </datafield>
  <datafield tag="100" ind1="1" ind2=" ">
    <subfield code="a">Serajuddin, Alamgir Muhammad.</subfield>
    <subfield code="9">334</subfield>
  </datafield>
  <datafield tag="245" ind1="1" ind2="0">
    <subfield code="a">Shari&#x2BB;a Law and Society :</subfield>
    <subfield code="b">Tradition and change in the Indian subcontinent /</subfield>
    <subfield code="c">Alamgir Muhammad Serajuddin.</subfield>
  </datafield>
  <datafield tag="260" ind1=" " ind2=" ">
    <subfield code="a">Dhaka :</subfield>
    <subfield code="b">Asiatic Society of Bangladesh,</subfield>
    <subfield code="c">1999.</subfield>
  </datafield>
  <datafield tag="300" ind1=" " ind2=" ">
    <subfield code="a">xiv, 388 p. :</subfield>
    <subfield code="c">25 cm.</subfield>
  </datafield>
  <datafield tag="440" ind1=" " ind2=" ">
    <subfield code="a">Asiatic Society of Bangladesh publication:</subfield>
    <subfield code="v">no. 79</subfield>
    <subfield code="9">312</subfield>
  </datafield>
  <datafield tag="500" ind1=" " ind2=" ">
    <subfield code="a">Includes bibliographical index</subfield>
  </datafield>
  <datafield tag="504" ind1=" " ind2=" ">
    <subfield code="a">Includes bibliographical references (p. [356]-377) and index.</subfield>
  </datafield>
  <datafield tag="650" ind1=" " ind2="0">
    <subfield code="a">Domestic relations (Islamic law)</subfield>
    <subfield code="z">South Asia.</subfield>
    <subfield code="z">India</subfield>
    <subfield code="z">Bangladesh</subfield>
    <subfield code="x">Religion</subfield>
    <subfield code="9">335</subfield>
  </datafield>
  <datafield tag="710" ind1="1" ind2=" ">
    <subfield code="a">Asiatic Society of Bangladesh.</subfield>
    <subfield code="9">11</subfield>
  </datafield>
  <datafield tag="906" ind1=" " ind2=" ">
    <subfield code="a">7</subfield>
    <subfield code="b">cbc</subfield>
    <subfield code="c">origode</subfield>
    <subfield code="d">2</subfield>
    <subfield code="e">ncip</subfield>
    <subfield code="f">19</subfield>
    <subfield code="g">y-gencatlg</subfield>
  </datafield>
  <datafield tag="942" ind1=" " ind2=" ">
    <subfield code="2">ddc</subfield>
    <subfield code="c">BK</subfield>
  </datafield>
</record>
